[Event "Prague Menchik Memorial Rapid"]
[Site "Prague"]
[Date "2021.09.28"]
[Round "5"]
[White "Pribylova, Sofie"]
[Black "Taborsky, Vaclav"]
[Result "1-0"]
[WhiteElo "1983"]
[BlackElo "1408"]
[PlyCount "53"]
[EventDate "2021.09.28"]
[EventType "swiss (rapid)"]
[EventRounds "9"]
[EventCountry "CZE"]
[SourceTitle "CBM 204 Extra"]
[Source "ChessBase"]
[SourceDate "2021.11.30"]
[SourceVersion "1"]
[SourceVersionDate "2021.11.30"]
[SourceQuality "1"]

1. d4 d5 2. Bf4 Nf6 3. e3 Bf5 4. Nf3 e6 5. c4 Bd6 6. Bg5 Nbd7 7. Nc3 h6 8. Bh4 0-0 9. c5 Be7 10. Be2 c6 11. 0-0 Ng4 12. Bg3 b6 13. b4 b5 14. a4 a5 15. axb5 axb4 16. bxc6 Nxc5 17. c7 Qd7 18. Bb5 Qc8 19. dxc5 bxc3 20. Qb3 Rxa1 21. Rxa1 Bxc5 22. Ba6 Qa8 23. Qxc3 Be7 24. c8Q Rxc8 25. Qxc8+ Qxc8 26. Bxc8 Bf6 27. Ra8 1-0